[Event "Paris BNP-Paribas blitz"]
[Site "Paris"]
[Date "2015.06.13"]
[Round "3"]
[White "Dutreuil, Raphael"]
[Black "Le Menelec, Erwan Son"]
[Result "1-0"]
[WhiteElo "2130"]
[BlackElo "1895"]
[PlyCount "101"]
[EventDate "2015.06.12"]
[EventType "swiss (blitz)"]
[EventRounds "15"]
[EventCountry "FRA"]
[SourceTitle "CBM 167 Extra"]
[Source "ChessBase"]
[SourceDate "2015.09.14"]
[SourceVersion "1"]
[SourceVersionDate "2015.09.14"]
[SourceQuality "1"]

1. d4 Nf6 2. c4 g6 3. Nc3 Bg7 4. e4 d6 5. f3 0-0 6. Be3 Na6 7. Qd2 e5 8. Nge2 exd4 9. Nxd4 Nc5 10. Be2 a5 11. 0-0 Qe7 12. Kh1 Bd7 13. Bg5 c6 14. Nb3 Ne6 15. Bh4 a4 16. Nc1 Rfd8 17. Bg3 Ne8 18. Rd1 Bc8 19. Bf1 h5 20. N1e2 Kh7 21. Bf2 Bh6 22. Qc2 Nf4 23. Nxa4 Be6 24. Bg3 Nxe2 25. Bxe2 h4 26. Bf2 Qg5 27. Nc3 Ng7 28. Bb6 Rd7 29. Bf2 Nh5 30. Bf1 Nf4 31. Ne2 h3 32. g3 Nxe2 33. Bxe2 f5 34. f4 Qf6 35. Bf3 fxe4 36. Bxe4 Bg4 37. Bd4 Qe6 38. Re1 Bf5 39. Bxf5 Qxf5 40. Qxf5 gxf5 41. Re6 d5 42. c5 Bg7 43. Bxg7 Kxg7 44. a3 Rdd8 45. Rae1 Ra4 46. Re7+ Kf8 47. Rxb7 Re4 48. Rd1 Re2 49. Rh7 Rxb2 50. Re1 Re8 51. Rh8+ 1-0

[Event "Paris BNP-Paribas blitz"]
[Site "Paris"]
[Date "2015.06.13"]
[Round "8"]
[White "Le Menelec, Erwan Son"]
[Black "Jouniaux, Quentin"]
[Result "1-0"]
[WhiteElo "1895"]
[BlackElo "1836"]
[PlyCount "87"]
[EventDate "2015.06.12"]
[EventType "swiss (blitz)"]
[EventRounds "15"]
[EventCountry "FRA"]
[SourceTitle "CBM 167 Extra"]
[Source "ChessBase"]
[SourceDate "2015.09.14"]
[SourceVersion "1"]
[SourceVersionDate "2015.09.14"]
[SourceQuality "1"]

1. e4 d5 2. exd5 Qxd5 3. Nc3 Qa5 4. d4 Nf6 5. Bc4 Bf5 6. Nf3 e6 7. 0-0 Be7 8. Bf4 c6 9. h3 Nbd7 10. Re1 0-0 11. Nh4 Bb4 12. Nxf5 Qxf5 13. Bd2 Bxc3 14. Bxc3 Ne4 15. Qe2 Nxc3 16. bxc3 Nf6 17. Bd3 Qg5 18. Rab1 b6 19. Qf3 Qd5 20. Qxd5 Nxd5 21. c4 Nf4 22. Be4 Rac8 23. c3 Rfd8 24. Kh2 c5 25. g3 Nh5 26. d5 exd5 27. cxd5 c4 28. Rbd1 Nf6 29. Bf3 h6 30. Re7 Rd7 31. d6 Rcd8 32. Rxd7 Rxd7 33. Bc6 Rd8 34. Bb5 Ne4 35. d7 Nc5 36. Rd4 Kh7 37. Bxc4 Nxd7 38. Bb5 Nc5 39. Rxd8 Ne4 40. Kg2 Nxc3 41. Bd3+ g6 42. Rd7 Kg7 43. Rxa7 Nd5 44. Bc4 1-0

[Event "Le Port Marly Paribas blitz op"]
[Site "Le Port Marly"]
[Date "2014.??.??"]
[Round "9"]
[White "Fedoryshyn, Ievgenii"]
[Black "Le Menelec, Erwan Son"]
[Result "1-0"]
[WhiteElo "2180"]
[BlackElo "1862"]
[PlyCount "103"]
[EventDate "2014.06.14"]
[EventType "swiss (blitz)"]
[EventRounds "15"]
[EventCountry "FRA"]
[SourceTitle "EXT 2015"]
[Source "ChessBase"]
[SourceDate "2014.11.20"]
[SourceVersion "1"]
[SourceVersionDate "2014.11.20"]
[SourceQuality "1"]

1. e4 d6 2. d4 g6 3. Nc3 Bg7 4. Nf3 Nf6 5. Be2 0-0 6. 0-0 Nc6 7. h3 e5 8. dxe5 dxe5 9. Bg5 Be6 10. Bb5 Qxd1 11. Raxd1 h6 12. Be3 Nd7 13. Rd2 Nb6 14. Nd5 Bxd5 15. exd5 Ne7 16. Bc5 Bf6 17. Bxe7 Bxe7 18. Nxe5 Bf6 19. Nc4 Nxc4 20. Bxc4 Rfe8 21. c3 Rad8 22. g3 Rd6 23. Rfd1 Red8 24. Be2 c6 25. Bf3 Bg5 26. Rd3 cxd5 27. Rxd5 Rxd5 28. Rxd5 Rxd5 29. Bxd5 b6 30. Kf1 Bc1 31. b3 Bb2 32. c4 Kf8 33. Ke2 Ke7 34. Kd3 f5 35. b4 Kf6 36. c5 bxc5 37. bxc5 Ba3 38. Kc4 Ke5 39. f4+ Kf6 40. Kb5 g5 41. fxg5+ hxg5 42. c6 Bd6 43. Ka6 Bxg3 44. Kb7 Be5 45. c7 Bxc7 46. Kxc7 a5 47. Kb6 Ke5 48. Bc6 a4 49. Bxa4 f4 50. Bc6 Kd4 51. a4 Kc3 52. a5 1-0

[Event "FRA-ch U14"]
[Site "Saint Paul Trois Chateaux"]
[Date "2013.05.04"]
[Round "7"]
[White "Poulet, Sebastien"]
[Black "Le Menelec, Erwan Son"]
[Result "1/2-1/2"]
[WhiteElo "1848"]
[BlackElo "1822"]
[PlyCount "70"]
[EventDate "2013.04.28"]
[EventType "swiss"]
[EventRounds "9"]
[EventCountry "FRA"]
[SourceTitle "CBM 154 Extra"]
[Source "ChessBase"]
[SourceDate "2013.06.25"]
[SourceVersion "2"]
[SourceVersionDate "2013.06.25"]
[SourceQuality "1"]

1. e4 d6 2. d4 Nf6 3. Nc3 e5 4. Nf3 Nbd7 5. Bc4 Be7 6. 0-0 0-0 7. a4 c6 8. a5 a6 9. Qe2 h6 10. h3 Qc7 11. Be3 Re8 12. d5 c5 13. Bd2 Nh7 14. Nd1 Ndf8 15. Ne3 Ng6 16. Nf5 Bxf5 17. exf5 Nh4 18. Nxh4 Bxh4 19. Qg4 Bg5 20. Bxg5 hxg5 21. Ra3 Qe7 22. Re1 Qf6 23. Rb3 Rab8 24. Ree3 Qe7 25. Rb6 Qc7 26. Rg3 f6 27. Qe4 Nf8 28. Ra3 Nd7 29. Rbb3 Kf7 30. Be2 Rh8 31. c4 Rh4 32. Bg4 Rhh8 33. Be2 b6 34. axb6 Rxb6 35. Qc2 Rhb8 1/2-1/2

[Event "FRA-ch U14"]
[Site "Saint Paul Trois Chateaux"]
[Date "2013.05.03"]
[Round "6"]
[White "Mohammad, Fahim"]
[Black "Le Menelec, Erwan Son"]
[Result "0-1"]
[WhiteElo "2027"]
[BlackElo "1822"]
[PlyCount "106"]
[EventDate "2013.04.28"]
[EventType "swiss"]
[EventRounds "9"]
[EventCountry "FRA"]
[SourceTitle "CBM 154 Extra"]
[Source "ChessBase"]
[SourceDate "2013.06.25"]
[SourceVersion "2"]
[SourceVersionDate "2013.06.25"]
[SourceQuality "1"]

1. d4 d5 2. c4 dxc4 3. Nf3 Nf6 4. e3 e6 5. Bxc4 c5 6. 0-0 a6 7. Qe2 b5 8. Bb3 Bb7 9. dxc5 Bxc5 10. a4 Qb6 11. Nc3 b4 12. a5 Qc7 13. Na4 Qxa5 14. Bd2 Bd6 15. e4 Nxe4 16. Nd4 Nd7 17. Be3 Qd8 18. Rfd1 Ndc5 19. Nxc5 Nxc5 20. Nxe6 Nxe6 21. Bxe6 fxe6 22. Bf4 Kf7 23. Rxd6 Qe7 24. Re1 Rhe8 25. Qh5+ Kg8 26. Rdxe6 Qxe6 27. Rxe6 Rxe6 28. h3 Rae8 29. Qc5 Rg6 30. Bg3 Re4 31. Qc7 Bc6 32. Qc8+ Be8 33. f3 Ree6 34. Bf4 a5 35. Kf2 a4 36. h4 h5 37. g4 hxg4 38. fxg4 Rgf6 39. Kf3 Kh7 40. g5 Bh5+ 41. Kg3 Rg6 42. Qc5 Rb6 43. Be3 a3 44. bxa3 b3 45. Qf5 Rbf6 46. Qe4 Rf3+ 47. Kg2 b2 48. Bd4 Rb3 49. Qb1 Bf3+ 50. Kf2 Be4 51. Qxe4 b1Q 52. Qe2 Qf5+ 53. Kg2 Qh3+ 0-1

[Event "FRA-ENG U12"]
[Site "Torcy"]
[Date "2011.08.30"]
[Round "6.6"]
[White "Caille, Hugo"]
[Black "Le Menelec, Erwan Son"]
[Result "0-1"]
[WhiteElo "1735"]
[BlackElo "1726"]
[PlyCount "70"]
[EventDate "2011.08.25"]
[EventType "team-match"]
[EventRounds "6"]
[EventCountry "FRA"]
[SourceTitle "EXT 2012"]
[Source "ChessBase"]
[SourceDate "2011.11.24"]
[SourceVersion "1"]
[SourceVersionDate "2011.11.24"]
[SourceQuality "1"]

1. d4 d5 2. e3 e6 3. Bd3 Bd6 4. Nd2 Nf6 5. f4 0-0 6. Ngf3 b6 7. Ne5 Bb7 8. 0-0 Ne4 9. Nxe4 dxe4 10. Bc4 Qe7 11. f5 Bxe5 12. dxe5 exf5 13. Rxf5 g6 14. Qg4 Bc8 15. Qxe4 Bxf5 16. Qxa8 Qxe5 17. Qd5 Qxd5 18. Bxd5 Bxc2 19. e4 Re8 20. Bf4 Na6 21. Re1 Nb4 22. Bc4 Rxe4 23. Rxe4 Bxe4 24. Bxc7 Bd5 25. Bxd5 Nxd5 26. Bb8 a6 27. Bd6 f5 28. Kf2 Kf7 29. Ke2 Ke6 30. Bb8 Nf6 31. Bc7 b5 32. Ba5 Kd5 33. Kd3 Ng4 34. h3 Ne5+ 35. Kc2 Nc4 0-1

[Event "FRA-chTB U20 1011"]
[Site "France"]
[Date "2010.12.20"]
[Round "7.6"]
[White "Le Menelec, Erwan Son"]
[Black "Hug, Roxana"]
[Result "1-0"]
[WhiteElo "1716"]
[BlackElo "1560"]
[PlyCount "57"]
[EventDate "2010.11.20"]
[EventType "team-tourn"]
[EventRounds "7"]
[EventCountry "FRA"]
[SourceTitle "EXT 2012"]
[Source "ChessBase"]
[SourceDate "2011.11.24"]
[SourceVersion "1"]
[SourceVersionDate "2011.11.24"]
[SourceQuality "1"]
[WhiteTeam "Villepinte"]
[BlackTeam "Mulhouse"]
[WhiteTeamCountry "FRA"]
[BlackTeamCountry "FRA"]

1. e4 c5 2. f4 d5 3. e5 Nc6 4. c3 Qb6 5. d3 e6 6. Nf3 Nge7 7. g3 Ng6 8. Bg2 Be7 9. 0-0 0-0 10. Kh1 Bd7 11. Qe2 Rac8 12. Be3 Qc7 13. c4 b6 14. Bg1 Kh8 15. Nc3 d4 16. Ne4 f6 17. exf6 Bxf6 18. Nfg5 Nce7 19. Bh3 Qc6 20. Bg2 Qc7 21. h4 Rfe8 22. Nf7+ Kg8 23. Nfd6 Rf8 24. Nxc8 Rxc8 25. h5 Nh8 26. Qg4 Kf7 27. Ng5+ Kg8 28. Nxe6 Bxe6 29. Qxe6+ 1-0